| 000 | 00443nam a2200157 a 4500 | ||
|---|---|---|---|
| 001 | 2014 | ||
| 003 | CDMR | ||
| 005 | 20130313093538.0 | ||
| 008 | 130130s1975||||||||||||||||||||||||||||d | ||
| 020 | _a8420621447 | ||
| 040 |
_aCDMR _bcat _cCPC GIRONA |
||
| 100 | 1 |
_aTannenbaum, Edward Robert _91501 |
|
| 245 | 1 | 3 |
_aLa experiencia fascista _b: sociedad y cultura en Italia (1922-1945) _cEdward R. Tannenbaum |
| 260 |
_c1975 _bAlianza |
||
| 942 |
_cMON _2udc |
||
| 999 |
_c2014 _d2014 |
||